000 00604nam a2200229 i 4500
001 C2-0217612
003 PPAK
005 20180728110117.0
008 990701s1997 my |||| ||||| | may d
040 _aPPAK
_beng
_cPPAK
_erda
082 0 4 _a899.233
_2 23
090 0 0 _a899.233
_bJON
_dKIH
100 1 _aJong, Chian Lai,
_eauthor
245 1 0 _aPindah
264 1 _aKuala Lumpur :
_bDewan Bahasa dan Pustaka ,
_c1997
300 _a153 pages ;
_c18 cm
336 _2rdacontent
_atext
337 _2rdamedia
_aunmediated
338 _2rdacarrier
_avolume
650 1 0 _aMalay fiction
942 _ddc
_cB
999 _c160780
_d160780